000 00482nam a2200121Ia 4500
008 220620s9999||||xx |||||||||||||| ||und||
100 _aDolnicar, Sara||Grün, Bettina||Leisch, Friedrich
245 0 _aMarket Segmentation Analysis
_bUnderstanding It, Doing It, and Making It Useful
546 _aEnglish[eng]
650 _aBusiness||Management science||Market research||Statistics 
856 _uhttps://library.oapen.org/bitstream/20.500.12657/23073/1/1007085.pdf
942 _cEB
999 _c30201
_d30201